| 000 | 00407nam a2200157Ia 4500 | ||
|---|---|---|---|
| 008 | 221030s9999 xx 000 0 und d | ||
| 041 | _aEnglish | ||
| 082 |
_a105.23 _bJun |
||
| 100 | _aS. B. Junmarkar | ||
| 245 | 0 |
_aElements of Applied Mechanics _cby S. B. Junmarkar, H. J. Shah |
|
| 260 |
_bCharotar Pub _aNew Delhi _c2000 |
||
| 300 | _a864 | ||
| 650 | _aMechanical | ||
| 700 | _aH. J. Shah | ||
| 942 | _cBK | ||
| 999 |
_c6688 _d6688 |
||